| 000 | 00771nam a2200193 i 4500 | ||
|---|---|---|---|
| 001 | 165104 | ||
| 003 | ES-MaACL | ||
| 005 | 20250817024657.0 | ||
| 008 | 931025s1870 sp |||| | spa d | ||
| 080 | _a821.134.2-31"18" | ||
| 100 | 1 |
_aSeco y Shelly, Manuel ( _dm. 1877) _9149506 |
|
| 245 | 1 | 4 |
_aLas pequeñas industrias _b: (historia de un labrador) / _cpor Manuel Seco y Shelly. |
| 260 |
_aMadrid : _bMedina y Navarro, _c1870 ( _fImp. de la Biblioteca de Instrucción y Recreo) |
||
| 300 |
_a256 p. ; _c18 cm. |
||
| 490 | 1 | _aBiblioteca Económica de Instrucción y Recreo | |
| 830 | 0 | 0 |
_aBiblioteca económica de instrucción y recreo _9182441 |
| 852 |
_aES-MaACL _jC-3567 _z-- Rust. muy deteriorada _z-- Legado M. de la Fuente |
||
| 999 |
_c165104 _d165104 |
||